000 00454nam a2200181Ia 4500
001 9976
005 20260306161757.0
008 260306t2014||||xx |||||||||||||| ||spa||
041 _aESP
082 _aPE 869.56
_bG96
100 _aGutierrez, Gustavo
_eAUT
245 0 _aEntre Las Calandrias:
_bun ensayo de José María Arguedas
260 _c2014
300 _a123 páginas :
_c20 cm.
650 _aGEN
654 _aCHU
942 _cLIB
_dJUS
_fJUS
_2ddc
_n
999 _c9976
_d9976